[Event "Aracaju Pitanga Memorial"]
[Site "Aracaju"]
[Date "2017.08.13"]
[Round "4"]
[White "Freire, Gedalias Bastos"]
[Black "Freire, Danilo Gaspar Ramos"]
[Result "1-0"]
[WhiteElo "1836"]
[BlackElo "1828"]
[PlyCount "65"]
[EventDate "2017.08.11"]
[EventType "swiss"]
[EventRounds "5"]
[EventCountry "BRA"]
[SourceTitle "CBM 180 Extra"]
[Source "ChessBase"]
[SourceDate "2017.10.06"]
[SourceVersion "1"]
[SourceVersionDate "2017.10.06"]
[SourceQuality "1"]

1. e4 e6 2. d4 d5 3. exd5 exd5 4. Nf3 Bd6 5. Be2 Ne7 6. 0-0 0-0 7. c3 h6 8. Bd3 Nd7 9. Qd2 c5 10. b3 Qc7 11. Qb2 Ng6 12. Be3 Nf4 13. Bxf4 Bxf4 14. Nbd2 Nf6 15. h3 g5 16. Ne5 Bxe5 17. dxe5 Qxe5 18. Rfe1 Qd6 19. Nf1 b6 20. Rad1 Bb7 21. Bb1 Rfe8 22. Ng3 h5 23. Qc2 Rxe1+ 24. Rxe1 Ne4 25. Nxh5 Qg6 26. g4 f5 27. f3 Nd6 28. Ng3 Rf8 29. Nxf5 Nxf5 30. gxf5 Qh7 31. Qd2 Qxh3 32. Qxg5+ Kh8 33. f6 1-0

[Event "Aracaju Pitanga Memorial"]
[Site "Aracaju"]
[Date "2017.08.12"]
[Round "3"]
[White "Smith, Victor Gabriel Rang"]
[Black "Freire, Danilo Gaspar Ramos"]
[Result "0-1"]
[WhiteElo "1772"]
[BlackElo "1828"]
[PlyCount "64"]
[EventDate "2017.08.11"]
[EventType "swiss"]
[EventRounds "5"]
[EventCountry "BRA"]
[SourceTitle "CBM 180 Extra"]
[Source "ChessBase"]
[SourceDate "2017.10.06"]
[SourceVersion "1"]
[SourceVersionDate "2017.10.06"]
[SourceQuality "1"]

1. e4 e6 2. d4 d5 3. e5 c5 4. c3 Nc6 5. Nf3 Qb6 6. Bd3 Bd7 7. Bc2 Nge7 8. 0-0 cxd4 9. cxd4 Rc8 10. Nc3 Nf5 11. Bxf5 exf5 12. Nxd5 Qa5 13. Nc3 Bb4 14. Bd2 0-0 15. a3 Bxc3 16. Bxc3 Qd5 17. Qd3 Ne7 18. Qe3 Rc6 19. Rac1 Rg6 20. Bb4 f4 21. Qxf4 Rg4 22. Qe3 Nf5 23. Rc5 Nxe3 24. Rxd5 Nxd5 25. Bxf8 Kxf8 26. Re1 Rg6 27. Nh4 Rb6 28. Re2 Nf4 29. Rc2 Nd3 30. Rc7 Rxb2 31. h3 Ke8 32. f3 g5 0-1

[Event "Aracaju Sergipe Memorial"]
[Site "Aracaju"]
[Date "2016.08.13"]
[Round "3.2"]
[White "Da Silva, Luiz Felipe Lopes"]
[Black "Freire, Danilo Gaspar Ramos"]
[Result "0-1"]
[WhiteElo "1766"]
[BlackElo "1800"]
[PlyCount "76"]
[EventDate "2016.08.12"]
[EventType "swiss"]
[EventRounds "5"]
[EventCountry "BRA"]
[SourceTitle "EXT 2022"]
[Source "ChessBase"]
[SourceDate "2021.10.06"]
[SourceVersion "1"]
[SourceVersionDate "2021.10.06"]
[SourceQuality "1"]

1. e4 e5 2. Nf3 Nc6 3. Bc4 Bc5 4. c3 Nf6 5. Qe2 0-0 6. d4 exd4 7. cxd4 Nxd4 8. Nxd4 Bxd4 9. Be3 Bxe3 10. Qxe3 Nxe4 11. 0-0 d5 12. Rd1 c6 13. Bd3 Qg5 14. Qxg5 Nxg5 15. Re1 Bd7 16. Nd2 Rfe8 17. Kf1 f5 18. f3 g6 19. Re2 Ne6 20. Rae1 Nc7 21. Rxe8+ Rxe8 22. Rxe8+ Bxe8 23. Bc2 d4 24. g3 Nd5 25. Nc4 b5 26. Nd6 Kf8 27. Bb3 Ne3+ 28. Ke2 Ke7 29. Nxe8 Kxe8 30. Bd1 Ke7 31. h3 c5 32. b3 c4 33. bxc4 Nxd1 34. Kxd1 bxc4 35. Kd2 Kd6 36. Kc2 Kc5 37. f4 Kb4 38. g4 Ka4 0-1